| 000 | 01531nam a2200397 i 4500 | ||
|---|---|---|---|
| 001 | DIGDYK3130 | ||
| 003 | NyNyDIG | ||
| 007 | cr ||||||||||| | ||
| 008 | 231205s2015 sp a ob 000 0 spa d | ||
| 006 | m o d | ||
| 035 | _a(OCoLC)1414667850 | ||
| 040 |
_aDGITA _beng _erda _epn _cDGITA |
||
| 020 |
_a9788413249261 _qeBook |
||
| 020 | _z9788490854716 | ||
| 050 | 1 | 4 | _aTR899 ebook |
| 245 | 0 | 0 |
_aPostproducción digital : _buna perspectiva contemporánea / _cFrancisco Utray, Manuel Armenteros, Anto J. Benítez (editores) ; Manuel Armenteros [and 11 others]. |
| 264 | 1 |
_aMadrid : _bDykinson, S.L., _c[2015] |
|
| 300 |
_a1 online resource : _billustrations. |
||
| 336 |
_atext _btxt _2rdacontent |
||
| 337 |
_acomputer _bc _2rdamedia |
||
| 338 |
_aonline resource _bcr _2rdacarrier |
||
| 347 |
_atext file _2rdaft |
||
| 347 | _bPDF | ||
| 504 | _aIncludes bibliographical references. | ||
| 588 | 0 | _aOnline resource; title from PDF title page (Digitalia, viewed December 5, 2023) | |
| 650 | 0 |
_aDigital video _xEditing. |
|
| 700 | 1 |
_aUtray Delgado, Francisco, _eeditor. |
|
| 700 | 1 |
_aArmenteros, Manuel, _eeditor. |
|
| 700 | 1 |
_aBenítez, Anto J., _eeditor. |
|
| 791 | 2 |
_aDigitalia (Firm), _edistributor. |
|
| 793 | 0 |
_gDigitalia eBook Collection: _aDykinson Editorial |
|
| 776 | 0 | 8 |
_iPrint version: _tPostproducción digital. _dMadrid : Dykinson, S.L., [2015] _z9788490854716 |
| 856 | 4 | 0 |
_3Digitalia Hispánica _uhttps://www.digitaliapublishing.com/a/131523/ |
| 910 | _aPremium collection: 2023 | ||
| 942 | _cRAA | ||
| 999 |
_c281723 _d281723 |
||